000 00497nam a2200157 i 4500
001 104321
003 ES-MaACL
005 20230906183553.0
007 t|
008 051128s19141915sp ||||1| spa d
100 1 _aMiguel y Romero, Mauro.
_981040
245 1 0 _aLecciones y modelos de práctica forense arregladas a la legislación vigente /
_cpor D. Mauro Miguel y Romero.
260 _aMadrid :
_bVictoriano Suárez,
_c1914-15.
300 _a2 v. ;
_c22 cm.
852 _aES-MaACL
_jB-5637-5638
999 _c104321
_d104321